<?xml version="1.0" encoding="UTF-8"?><?xml-stylesheet type="text/xsl" href="static/style.xsl"?><OAI-PMH xmlns="http://www.openarchives.org/OAI/2.0/" xmlns:xsi="http://www.w3.org/2001/XMLSchema-instance" xsi:schemaLocation="http://www.openarchives.org/OAI/2.0/ http://www.openarchives.org/OAI/2.0/OAI-PMH.xsd"><responseDate>2026-04-17T18:40:04Z</responseDate><request verb="GetRecord" identifier="oai:www.recercat.cat:10256/1318" metadataPrefix="marc">https://recercat.cat/oai/request</request><GetRecord><record><header><identifier>oai:recercat.cat:10256/1318</identifier><datestamp>2024-11-19T08:46:24Z</datestamp><setSpec>com_2072_452955</setSpec><setSpec>com_2072_2054</setSpec><setSpec>col_2072_453066</setSpec></header><metadata><record xmlns="http://www.loc.gov/MARC21/slim" xmlns:dcterms="http://purl.org/dc/terms/" xmlns:xsi="http://www.w3.org/2001/XMLSchema-instance" xmlns:doc="http://www.lyncode.com/xoai" xsi:schemaLocation="http://www.loc.gov/MARC21/slim http://www.loc.gov/standards/marcxml/schema/MARC21slim.xsd">
   <leader>00925njm 22002777a 4500</leader>
   <datafield ind2=" " ind1=" " tag="042">
      <subfield code="a">dc</subfield>
   </datafield>
   <datafield ind2=" " ind1=" " tag="720">
      <subfield code="a">Castañer i Vivas, Margarida</subfield>
      <subfield code="e">author</subfield>
   </datafield>
   <datafield ind2=" " ind1=" " tag="720">
      <subfield code="a">Ribas Palom, Anna</subfield>
      <subfield code="e">author</subfield>
   </datafield>
   <datafield ind2=" " ind1=" " tag="720">
      <subfield code="a">Salamaña i Serra, Isabel</subfield>
      <subfield code="e">author</subfield>
   </datafield>
   <datafield ind2=" " ind1=" " tag="260">
      <subfield code="c">1990-11</subfield>
   </datafield>
   <datafield ind2=" " ind1=" " tag="520">
      <subfield code="a">Grup de Recerca Medi Ambient i Tecnologies de la Informació Geogràfica</subfield>
   </datafield>
   <datafield ind2=" " ind1=" " tag="520">
      <subfield code="a">Els moviments diaris de persones&#xd;
i productes entre les diferents localitats&#xd;
són un fet evident i fàcilment&#xd;
palpable dins el nostre&#xd;
context social actual. Caldes de&#xd;
Malavella, municipi d'uns 3.000&#xd;
habitants situat al sud-est de la comarca&#xd;
de la Selva, limitant amb la del&#xd;
Girones, és una d'aquestes poblacions&#xd;
que sobresurt especialmenl perquè genera&#xd;
bon nombre de fluxos de moviment,&#xd;
ja sigui de persones o de productes,&#xd;
amb l'entorn territorial més proper.&#xd;
Sens dubte, el fet de tenir a l'abast tot&#xd;
un ampli ventall de vies de comunicació&#xd;
de notable importància, com la&#xd;
Nacional II, l'autopista A-17, la línia de&#xd;
ferrocarril Barcelona-Franga o el mateix&#xd;
aeroport Girona-Costa Brava, ha estat&#xd;
el principal factor que ha propiciat&#xd;
aquests fluxos de moviment</subfield>
   </datafield>
   <datafield ind1="8" ind2=" " tag="024">
      <subfield code="a">http://hdl.handle.net/10256/1318</subfield>
   </datafield>
   <datafield tag="653" ind2=" " ind1=" ">
      <subfield code="a">Caldes de Malavella (Catalunya) -- Geografia</subfield>
   </datafield>
   <datafield tag="653" ind2=" " ind1=" ">
      <subfield code="a">Caldes de Malavella (Catalonia) -- Geography</subfield>
   </datafield>
   <datafield ind2="0" ind1="0" tag="245">
      <subfield code="a">Caldes de Malavella, entre la Selva i el Gironès</subfield>
   </datafield>
</record></metadata></record></GetRecord></OAI-PMH>